00293nam a2200109Ia 4500008004100000041000800041100002300049245003600072260003500108300000900143700003100152250110s9999 xx 000 0 und d aeng aBhosarekar Pallavi aTejovalaya A Nature Care Centre bFinal Year B. Arch, BNCAc2014 a166p aGuide Name:Shirolkar Meera